000 00517nam a2200181Ia 4500
003 GCL
008 140319s9999 xx 000 0 ara d
040 _aGCL /
_cGCL
082 0 4 _a810.9
_bع ا
100 1 _aعبداللطيف عبدالحليم
245 1 0 _aادب ونقد /
_cعبداللطيف عبدالحليم
260 _a[S.N] :
_bالنهضه المصرية ،
_c1988
300 _a207 ص
490 _a
650 0 4 _aالادب العربى
650 0 4 _aالنقد الادبى
942 _2ddc
_cBK
999 _c40632
_d40632